| 000 | 00411nam a2200145Ia 4500 | ||
|---|---|---|---|
| 008 | 220120s9999||||xx |||||||||||||| ||und|| | ||
| 020 | _a9788131500347 | ||
| 082 | _a620.4 | ||
| 100 | _aCengel, Yunus, A and Boles, Michael, A | ||
| 245 | 0 | _aThermodynamics | |
| 250 | _a7th | ||
| 260 |
_aTata mcgraw hill company Ltd. _bNew Delhi _c2011 |
||
| 300 |
_aXIII, 346p. _b395 |
||
| 650 | _aELECTRONICS AND COMMUNICATIONS | ||
| 999 |
_c132794 _d132794 |
||